[Event "KOS-ch"]
[Site "Pristina"]
[Date "2022.11.18"]
[Round "5"]
[White "Shtavica, Alaudin"]
[Black "Zenuni, Hysen"]
[Result "0-1"]
[WhiteElo "1556"]
[BlackElo "1898"]
[PlyCount "104"]
[EventDate "2022.11.11"]
[EventType "swiss"]
[EventRounds "9"]
[EventCountry "KOS"]
[SourceTitle "CBM 211 Extra"]
[Source "ChessBase"]
[SourceDate "2023.01.31"]
[SourceVersion "1"]
[SourceVersionDate "2023.01.31"]
[SourceQuality "1"]

1. e4 d5 2. exd5 Qxd5 3. Nc3 Qd8 4. d4 c6 5. Bc4 Nf6 6. Nf3 e6 7. Qe2 Be7 8. g4 b5 9. Bd3 Bb7 10. g5 Nd5 11. Nxd5 Qxd5 12. Be4 Qd6 13. Be3 Nd7 14. 0-0-0 Nb6 15. Ne5 Nc4 16. Bf4 Nxe5 17. Bxe5 Bxg5+ 18. Kb1 Qf8 19. d5 exd5 20. Bxd5 Qe7 21. Be4 0-0 22. Bd6 Qf6 23. Bxf8 Rxf8 24. h4 Bh6 25. Rd7 Bc8 26. Rxa7 g6 27. h5 Bg7 28. c3 b4 29. hxg6 hxg6 30. f3 bxc3 31. Ra3 cxb2 32. Qc2 Qd6 33. Rd3 Qf4 34. Rc3 Be6 35. a3 Rb8 36. Rxc6 Qe3 37. Ra6 Bh6 38. Rxe6 Qc1+ 39. Rxc1 bxc1Q+ 40. Ka2 Qxc2+ 41. Bxc2 fxe6 42. Bxg6 Kg7 43. Be4 Bc1 44. a4 Rb2+ 45. Ka1 Rb3 46. Ka2 Ra3+ 47. Kb1 Bd2 48. Bc6 Rc3 49. Be4 Rc4 50. Bc2 Rb4+ 51. Ka2 Kf6 52. a5 Rb5 0-1

[Event "KOS-ch"]
[Site "Pristina"]
[Date "2022.11.14"]
[Round "4"]
[White "Zenuni, Hysen"]
[Black "Zenuni, Albert"]
[Result "0-1"]
[WhiteElo "1898"]
[BlackElo "1960"]
[PlyCount "58"]
[EventDate "2022.11.11"]
[EventType "swiss"]
[EventRounds "9"]
[EventCountry "KOS"]
[SourceTitle "CBM 211 Extra"]
[Source "ChessBase"]
[SourceDate "2023.01.31"]
[SourceVersion "1"]
[SourceVersionDate "2023.01.31"]
[SourceQuality "1"]

1. e4 e6 2. d4 d5 3. Nd2 c5 4. c3 Nc6 5. dxc5 Bxc5 6. Qg4 Qf6 7. Ngf3 Nge7 8. Nb3 Bb6 9. Bd3 e5 10. Qg3 Qg6 11. Qxg6 hxg6 12. exd5 Nxd5 13. Be4 Nde7 14. 0-0 Bf5 15. Ng5 f6 16. Bxf5 Nxf5 17. Ne6 Ke7 18. Nec5 a5 19. Nxb7 Rxh2 20. N3c5 Rah8 21. f3 Nd8 22. Bf4 Rh1+ 23. Kf2 Rxf1+ 24. Rxf1 Nxb7 25. b4 exf4 26. Re1+ Kf7 27. Rd1 Nxc5 28. bxc5 Bxc5+ 29. Ke2 Ke8 0-1

[Event "KOS-ch"]
[Site "Pristina"]
[Date "2020.10.11"]
[Round "2"]
[White "Zenuni, Hysen"]
[Black "Asllani, Muhamet"]
[Result "0-1"]
[WhiteElo "1946"]
[BlackElo "2192"]
[PlyCount "53"]
[EventDate "2020.10.10"]
[EventType "swiss"]
[EventRounds "9"]
[EventCountry "KOS"]
[SourceTitle "EXT 2022"]
[Source "ChessBase"]
[SourceDate "2021.10.06"]
[SourceVersion "1"]
[SourceVersionDate "2021.10.06"]
[SourceQuality "1"]

1. d4 Nf6 2. Nf3 c5 3. dxc5 Qa5+ 4. c3 Qxc5 5. b4 Qc7 6. Bb2 g6 7. g3 Bg7 8. Bg2 0-0 9. 0-0 d5 10. Na3 Nbd7 11. Qb3 Nb6 12. Nb5 Qc4 13. Nbd4 Ne4 14. e3 Bd7 15. a3 e5 16. Qc2 exd4 17. exd4 Bf5 18. Nh4 Nxg3 19. Nxf5 Nxf5 20. Qd2 Qc7 21. Qd3 Rac8 22. Ra2 Qc4 23. Qb1 Na4 24. Rc1 Nxb2 25. Rxb2 Nxd4 26. Bf1 Qc7 27. Qd3 0-1